El príncipe (Record no. 19328)

MARC details
000 -LEADER
campo de control de longitud fija 00998nmc a2200361 a 4500
003 - IDENTIFICADOR DE NÚMERO DE CONTROL
campo de control AR-BaBNM
005 - FECHA Y HORA DE LA ÚLTIMA TRANSACCIÓN
campo de control 20251128211346.0
008 - DATOS DE LONGITUD FIJA--INFORMACIÓN GENERAL
campo de control de longitud fija 164020s2003 ||||||||||||||000 | spa||
020 ## - NÚMERO INTERNACIONAL ESTÁNDAR DEL LIBRO
Número Internacional Estándar del Libro 987-20713-9-X
040 ## - FUENTE DE CATALOGACIÓN
Centro/agencia transcriptor AR-BaBNM
100 1# - ENTRADA PRINCIPAL--NOMBRE DE PERSONA
Nombre de persona Maquiavelo, Nicolás
245 10 - MENCIÓN DEL TÍTULO
Título El príncipe
Resto del título comentado por Napoleón Bonaparte
260 ## - PUBLICACIÓN, DISTRIBUCIÓN, ETC.
Lugar de publicación, distribución, etc. Buenos Aires
Nombre del editor, distribuidor, etc. Quadrata
Fecha de publicación, distribución, etc. 2003
300 0# - DESCRIPCIÓN FÍSICA
Extensión 123 p.
490 #0 - MENCIÓN DE SERIE
Mención de serie Retrolecturas
650 #4 - PUNTO DE ACCESO ADICIONAL DE MATERIA--TÉRMINO DE MATERIA
Término de materia o nombre geográfico como elemento de entrada FILOSOFIA POLITICA
650 #4 - PUNTO DE ACCESO ADICIONAL DE MATERIA--TÉRMINO DE MATERIA
Término de materia o nombre geográfico como elemento de entrada GOBIERNO
650 #4 - PUNTO DE ACCESO ADICIONAL DE MATERIA--TÉRMINO DE MATERIA
Término de materia o nombre geográfico como elemento de entrada CIENCIAS SOCIALES
650 #4 - PUNTO DE ACCESO ADICIONAL DE MATERIA--TÉRMINO DE MATERIA
Término de materia o nombre geográfico como elemento de entrada LIDERAZGO POLITICO
650 #4 - PUNTO DE ACCESO ADICIONAL DE MATERIA--TÉRMINO DE MATERIA
Término de materia o nombre geográfico como elemento de entrada SOCIOLOGIA POLITICA
650 #4 - PUNTO DE ACCESO ADICIONAL DE MATERIA--TÉRMINO DE MATERIA
Término de materia o nombre geográfico como elemento de entrada HISTORIA EUROPEA
650 #4 - PUNTO DE ACCESO ADICIONAL DE MATERIA--TÉRMINO DE MATERIA
Término de materia o nombre geográfico como elemento de entrada RENACIMIENTO
650 #4 - PUNTO DE ACCESO ADICIONAL DE MATERIA--TÉRMINO DE MATERIA
Término de materia o nombre geográfico como elemento de entrada HISTORIA MILITAR
650 #4 - PUNTO DE ACCESO ADICIONAL DE MATERIA--TÉRMINO DE MATERIA
Término de materia o nombre geográfico como elemento de entrada IGLESIA Y ESTADO
653 #0 - TÉRMINO DE INDIZACIÓN--NO CONTROLADO
Término no controlado FILOSOFIA MODERNA
653 #0 - TÉRMINO DE INDIZACIÓN--NO CONTROLADO
Término no controlado HISTORIA ITALIANA
700 1# - ENTRADA AGREGADA--NOMBRE PERSONAL
Nombre de persona Bonaparte, Napoleón
Término indicativo de función/relación comentarista
700 0# - ENTRADA AGREGADA--NOMBRE PERSONAL
Nombre de persona Cristina
Término indicativo de función/relación comentarios
700 1# - ENTRADA AGREGADA--NOMBRE PERSONAL
Nombre de persona Sebreli, Juan José
Término indicativo de función/relación prologuista
700 1# - ENTRADA AGREGADA--NOMBRE PERSONAL
Nombre de persona Mussolini, Benito
Término indicativo de función/relación epílogo
942 ## - ELEMENTOS DE ENTRADA SECUNDARIOS (KOHA)
Tipo de ítem Koha Libros
998 ## - INFORMACIÓN DE CONTROL LOCAL (RLIN)
Iniciales del catalogador, CIN (RLIN) Mariana
Holdings
Estatus retirado Estado de pérdida Fuente de la clasificación o esquema de estantería Estado de daño Restricciones de uso No para préstamo Biblioteca de origen Biblioteca actual Fecha de adquisición Total de préstamos Signatura topográfica completa Código de barras Visto por última vez Precio de reemplazo Tipo de ítem Koha
    Clasificación Decimal Dewey   Acceso restringido No para préstamo Liberty Liberty 28/11/2025   32 MAQP 133969 28/11/2025 28/11/2025 Libros